| 000 | 00700nam a2200253Ia 4500 | ||
|---|---|---|---|
| 003 | OSt | ||
| 005 | 20221006164746.0 | ||
| 006 | a|||||r|||| 00| 0 | ||
| 007 | ta | ||
| 008 | 221006b |||||||| |||| 00| 0 eng d | ||
| 024 | _a3,000 | ||
| 037 | _cTextual | ||
| 040 |
_aFML _cFML _beng |
||
| 041 |
_2eng _aeng |
||
| 082 | _a(:f), N2 -; 1 | ||
| 100 | _aShukla D P Au. | ||
| 245 | 0 | _aResearch Methodology | |
| 260 |
_aNew Delhi _bRadha Publication _c1992 |
||
| 300 |
_a307 _ccm. |
||
| 700 |
_a Sharma Premlata Ed. _9181865 |
||
| 700 | _a Trivedi R N Au. | ||
| 942 |
_h(:f), N2 -; 1 _cTEXL _2CC |
||
| 999 |
_c1118382 _d1118382 |
||